Interakcia učiteľ - študent : Záverečná práca

Guardado en:
Detalles Bibliográficos
Autor principal: Michňová, Mária (Autor)
Formato: Manuscrito Libro
Lenguaje:eslovaco
Publicado: Bratislava : STU v Bratislave MtF KIPP, 2006
Materias:
Etiquetas: Agregar Etiqueta
Sin Etiquetas, Sea el primero en etiquetar este registro!

MARC

LEADER 00000ntm a22000003a 4500
001 stu125784
005 20160719155522.7
008 060908s2006----xo------------------slo-d
040 |a STU  |b slo 
041 0 |a slo 
044 |a xo 
100 1 |a Vašková, Ľubica  |4 csl  |u M220  |U MTF Ústav inžinierskej pedagogiky a humatitných vied  |T MTF Katedra inžinierskej pedagogiky a psychológie  |U M220  |Y M220 
245 1 |a Interakcia učiteľ - študent :  |b Záverečná práca 
260 |a Bratislava :  |b STU v Bratislave MtF KIPP,  |c 2006 
300 |a 32 s  |c príl (1 CD) 
650 7 |a inžinierska pedagogika  |2 stusub 
650 7 |a vzťah učiteľ-študent  |2 stusub 
700 1 |a Michňová, Mária  |4 aut 
996 |b 284M074023  |c M*ZP-553  |l MMSKP  |s P  |a 0  |w stu125784_0001